Statistics for Pokémon GO: Lowest CP Dragon-type Pokémon

Click here to take the quiz!

General Stats

  • This quiz has been taken 30 times
    (15 since last reset)
  • The average score is 16 of 20

Answer Stats

Max CPAnswer% Correct
1136Dratini
100%
1307Bagon
90%
1200Deino
90%
754Noibat
90%
2296Shelgon
90%
2079Zweilous
90%
2012Dragonair
80%
1410Frigibax
80%
2119Gabite
80%
1258Gible
80%
1103Goomy
80%
1095Jangmo-o
80%
2365Arctibax
70%
1547Axew
70%
1907Hakamo-o
70%
2303Sliggoo
70%
1384Vibrava
70%
2266Altaria
60%
2513Turtonator
60%
1848Tyrunt
50%

Score Distribution

Percentile by Number Answered

Percent of People with Each Score

Your Score History

You have not taken this quiz since the last reset